书目信息 |
| 题名: |
哲学浅谈
|
|
| 作者: | 葛忱 , 李惠让 编 | |
| 分册: | ||
| 出版信息: | 长春 吉林人民出版社 1982 |
|
| 页数: | 262页 | |
| 开本: | 19cm | |
| 丛书名: | ||
| 单 册: | ||
| 中图分类: | B01 | |
| 科图分类: | ||
| 主题词: | 哲学基本问题 | |
| 电子资源: | ||
| ISBN: | ||
| 000 | 00625nam0 2200241 45 | |
| 001 | 0182006173 | |
| 005 | 20060819082117.46 | |
| 010 | @dCNY0.57 | |
| 091 | @a2091.46 | |
| 100 | @a19950619d1982 em y0chiy0121 ea | |
| 101 | 0 | @achi |
| 102 | @aCN@b220000 | |
| 105 | @ay z 000yy | |
| 200 | 10 | @a哲学浅谈@Azhe xue qian tan@f李惠让,葛忱编@FLi Hui Rang,Ge Chen Bian |
| 210 | @a长春@c吉林人民出版社@d1982 | |
| 215 | @a262页@d19cm | |
| 606 | 0 | @a哲学基本问题 |
| 690 | @aB01@v3 | |
| 701 | 0 | @a葛忱@4编 |
| 701 | 0 | @a李惠让@4编 |
| 801 | 2 | @aCN@bNLC@c20060819 |
| 801 | 0 | @aCN@b上海图书馆@c20040507 |
| 905 | @dB01@e26@f1@b85286 | |
| 哲学浅谈/李惠让,葛忱编.-长春:吉林人民出版社,1982 |
| 262页;19cm |
| ISBN :CNY0.57 |
| ● |
| 相关链接 |
|
|
|
|
正题名:哲学浅谈
索取号:B01/26
 
预约/预借
| 序号 | 登录号 | 条形码 | 馆藏地/架位号 | 状态 | 备注 |
| 1 | 0085278 | 001129282 | 密集书库/ [索取号:B01/26] | 在馆 | |
| 2 | 0085279 | 001129264 | 密集书库/ [索取号:B01/26] | 在馆 | |
| 3 | 0085280 | 001129291 | 密集书库/ [索取号:B01/26] | 在馆 | |
| 4 | 0085281 | 001129308 | 密集书库/ [索取号:B01/26] | 在馆 | |
| 5 | 0085282 | 001131830 | 密集书库/ [索取号:B01/26] | 在馆 | |
| 6 | 0085284 | 001131821 | 密集书库/ [索取号:B01/26] | 在馆 | |
| 7 | 0085285 | 001131812 | 第一借阅区/ [索取号:B01/26] | 在馆 | |
| 8 | 0085286 | 001129273 | 第一样本阅览室/ [索取号:B01/26] | 在馆 | |
| 9 | 0469351 | 204693518 | 密集书库/ [索取号:B01/26] | 在馆 |